[Event "Hannover-ch U14"]
[Site "Lehrte"]
[Date "2014.10.28"]
[Round "7"]
[White "Grenz, Maximilian"]
[Black "Stelmaszyk, Nico"]
[Result "0-1"]
[WhiteElo "1034"]
[BlackElo "1519"]
[PlyCount "44"]
[EventDate "2014.10.25"]
[EventType "swiss"]
[EventRounds "7"]
[EventCountry "GER"]
[SourceTitle "EXT 2021"]
[Source "ChessBase"]
[SourceDate "2020.10.23"]
[SourceVersion "1"]
[SourceVersionDate "2020.10.23"]
[SourceQuality "1"]

1. Nf3 Nf6 2. d4 d5 3. c4 e6 4. e3 c5 5. cxd5 exd5 6. g3 Nc6 7. Bg2 Bf5 8. Nc3 Bd6 9. 0-0 0-0 10. dxc5 Bxc5 11. Na4 Bb6 12. Nxb6 Qxb6 13. Nh4 Be6 14. b3 Rad8 15. Bb2 Ne4 16. Qd3 Nb4 17. Qe2 Rc8 18. Rfc1 Rxc1+ 19. Bxc1 Rc8 20. a3 Rc2 21. Qd1 Nxf2 22. axb4 Nxd1 0-1